<?xml version="1.0" encoding="UTF-8"?>
<record
    xmlns:xsi="http://www.w3.org/2001/XMLSchema-instance"
    xsi:schemaLocation="http://www.loc.gov/MARC21/slim http://www.loc.gov/standards/marcxml/schema/MARC21slim.xsd"
    xmlns="http://www.loc.gov/MARC21/slim">

  <leader>02677nam a2200241 a 4500</leader>
  <controlfield tag="001">000044211</controlfield>
  <controlfield tag="003">DO-SdBNP</controlfield>
  <controlfield tag="005">20240927073749.0</controlfield>
  <controlfield tag="008">140609s1999    dr a          000 0 spa d</controlfield>
  <datafield tag="040" ind1=" " ind2=" ">
    <subfield code="a">DO-SdBNP</subfield>
    <subfield code="b">spa</subfield>
    <subfield code="c">BNPHU</subfield>
  </datafield>
  <datafield tag="082" ind1=" " ind2=" ">
    <subfield code="a">938</subfield>
    <subfield code="b">B171g, 1999</subfield>
  </datafield>
  <datafield tag="100" ind1="1" ind2=" ">
    <subfield code="a"> Balaguer, Joaqu&#xED;n,</subfield>
    <subfield code="d">1906-2002</subfield>
    <subfield code="9">76556</subfield>
  </datafield>
  <datafield tag="245" ind1="1" ind2="0">
    <subfield code="a">Grecia eterna /</subfield>
    <subfield code="c">Balaguer Joaqu&#xED;n.</subfield>
  </datafield>
  <datafield tag="250" ind1=" " ind2=" ">
    <subfield code="a">2a ed.</subfield>
  </datafield>
  <datafield tag="260" ind1=" " ind2=" ">
    <subfield code="a">Santo Domingo :</subfield>
    <subfield code="b">Corripio,</subfield>
    <subfield code="c">1999.</subfield>
  </datafield>
  <datafield tag="300" ind1=" " ind2=" ">
    <subfield code="a">295 p. :</subfield>
    <subfield code="b">il. ;</subfield>
    <subfield code="c">23 cm.</subfield>
  </datafield>
  <datafield tag="500" ind1=" " ind2=" ">
    <subfield code="a">Incluye referencias bibliogr&#xE1;ficas y notas al pie de las p&#xE1;ginas</subfield>
  </datafield>
  <datafield tag="504" ind1=" " ind2=" ">
    <subfield code="a">Bibliograf&#xED;as : p. 293-294</subfield>
  </datafield>
  <datafield tag="505" ind1="0" ind2=" ">
    <subfield code="a">ORIGEN Y POBLACION -- Origen y poblaci&#xF3;n 3 -- Ciudades aut&#xF3;nomas 5 -- El genio griego en las artes 9 -- La arquitectura 9 -- El Parten&#xF3;n 10 -- Orden j&#xF3;nico 12 -- El corintio 12 -- El templo griego 16 -- La arquitectura en la edad media 18 -- LAS ARTES PLASTICAS -- Las artes pl&#xE1;sticas 23 -- La escultura 23 -- Fidias 24 -- Escopas 27 -- Praxiteles 30 -- Lisipo 35 -- LA PINTURA -- La pintura 41 -- Apeles 41 -- Parrasio 43 -- Zeuxis 45 -- Polignoto 47 -- Juicio de Plat&#xF3;n 48 -- EL GENIO LITERARIO GRIEGO -- El genio literario griego 53 -- Homero 53 -- Sol&#xF3;n 59 -- Anacreonte 64 -- P&#xED;ndaro 65 -- Corina 69 -- Tirteo 70 -- Alceo 71 -- Mimnermo 71 -- Arqu&#xED;loco 72 -- Hes&#xED;odo 73 -- Safo 74 -- Sim&#xF3;nides de Ceos 78 -- Sim&#xF3;nides de Amorgos 81 -- LOS POETAS TRAGICOS -- Los poetas tr&#xE1;gicos 85 -- Esquilo 86 -- S&#xF3;focles 93 -- Eur&#xED;pides 100 -- Agat&#xF3;n 113 -- LOS POETAS COMICOS -- Los poetas c&#xF3;micos 117 -- Arist&#xF3;fanes 117 -- Cratino 122 -- LOS FILOSOFOS -- Los fil&#xF3;sofos 127 -- Pit&#xE1;goras y el pitagorismo 128 -- Parm&#xE9;nides 131 -- Her&#xE1;clito 133 -- S&#xF3;crates 135 -- Plat&#xF3;n 150 -- Arist&#xF3;teles 164 -- LA SOFISTICA -- La sof&#xED;stica 181 -- Gorgias 183 -- LA CIENCIA GRIEGA -- La ciencia griega 187 -- Hiparco 189 -- Mileto 193 -- Arqu&#xED;medes 197 -- euclides 203 -- GRECIA, CUNA DE LA HISTORIA -- Grecia, cuna de la historia 211 -- Her&#xF3;doto 211 -- Tuc&#xED;dides 213 -- Polibio 217 -- Diodoro S&#xED;culo 217 -- Plutarco 218 -- LA MITOLOGIA GRIEGA -- La mitolog&#xED;a griega 221 -- Los dioses griegos 223 -- Zeus 223 -- Los grandes dioses que no ten&#xED;an asiento en el consejo celestial, otros dioses y semidioses 232 -- los dioses menores eran colaboradores de las grandes divinidades 234 -- Los dioses del hogar y de la patria eran muy numerosos 236 -- Los dioses del campo y la ciudad en la mitolog&#xED;a grecorromana 237 -- Principales dioses de las aguas y sus atributos 238 -- Los dioses que habitaban en las monta&#xF1;as y en los bosques 240 -- Los di</subfield>
  </datafield>
  <datafield tag="651" ind1="1" ind2="4">
    <subfield code="a">Grecia</subfield>
    <subfield code="x">Historia</subfield>
    <subfield code="9">2389</subfield>
  </datafield>
  <datafield tag="910" ind1=" " ind2=" ">
    <subfield code="a">Validado. Control de calidad MFF</subfield>
  </datafield>
  <datafield tag="942" ind1=" " ind2=" ">
    <subfield code="2">ddc</subfield>
    <subfield code="c">LBS1</subfield>
  </datafield>
  <datafield tag="952" ind1=" " ind2=" ">
    <subfield code="0">0</subfield>
    <subfield code="1">0</subfield>
    <subfield code="5">4</subfield>
    <subfield code="7">0</subfield>
    <subfield code="8">DS</subfield>
    <subfield code="a">GR</subfield>
    <subfield code="b">GR</subfield>
    <subfield code="c">HD</subfield>
    <subfield code="d">2019-07-19</subfield>
    <subfield code="i">LF1</subfield>
    <subfield code="l">0</subfield>
    <subfield code="o">938 B171g, 1999</subfield>
    <subfield code="p">44211-30</subfield>
    <subfield code="r">2020-06-25</subfield>
    <subfield code="t">e.3</subfield>
    <subfield code="w">2020-06-25</subfield>
    <subfield code="y">LFDS</subfield>
    <subfield code="z">Perteneci&#xF3; a la biblioteca personal de la familia Reyes Duluc.</subfield>
    <subfield code="Z">Pr&#xE9;stamo en sala</subfield>
  </datafield>
  <datafield tag="952" ind1=" " ind2=" ">
    <subfield code="0">0</subfield>
    <subfield code="1">0</subfield>
    <subfield code="7">1</subfield>
    <subfield code="8">PD</subfield>
    <subfield code="a">PD</subfield>
    <subfield code="b">PD</subfield>
    <subfield code="c">HD</subfield>
    <subfield code="d">2014-06-09</subfield>
    <subfield code="i">LF1</subfield>
    <subfield code="l">0</subfield>
    <subfield code="o">938 B171g, 1999</subfield>
    <subfield code="p">44211-10</subfield>
    <subfield code="r">2020-06-25</subfield>
    <subfield code="w">2020-06-25</subfield>
    <subfield code="y">LFPD</subfield>
    <subfield code="Z">No se presta</subfield>
  </datafield>
  <datafield tag="952" ind1=" " ind2=" ">
    <subfield code="0">0</subfield>
    <subfield code="1">0</subfield>
    <subfield code="7">1</subfield>
    <subfield code="8">PD</subfield>
    <subfield code="a">PD</subfield>
    <subfield code="b">PD</subfield>
    <subfield code="c">HD</subfield>
    <subfield code="d">2019-07-19</subfield>
    <subfield code="i">LF1</subfield>
    <subfield code="l">0</subfield>
    <subfield code="o">938 B171g, 1999</subfield>
    <subfield code="p">44211-20</subfield>
    <subfield code="r">2020-06-25</subfield>
    <subfield code="t">e.2</subfield>
    <subfield code="w">2020-06-25</subfield>
    <subfield code="y">LFPD</subfield>
    <subfield code="z">Perteneci&#xF3; a la biblioteca personal de la familia Reyes Duluc.</subfield>
    <subfield code="Z">No se presta</subfield>
  </datafield>
  <datafield tag="999" ind1=" " ind2=" ">
    <subfield code="c">43700</subfield>
    <subfield code="d">43700</subfield>
  </datafield>
</record>
